| 000 | 01183nam a2200301 a 4500 | ||
|---|---|---|---|
| 001 | 000048758 | ||
| 003 | DO-SdBNP | ||
| 005 | 20260514084846.0 | ||
| 008 | 190411s2016 dr a r 000 spa d | ||
| 040 |
_aDO-SdBNP _bspa _cBPUMSU |
||
| 082 | 4 |
_a741.5 _bD812c 2016 _222 |
|
| 245 | 0 | 0 |
_aDuarte : _bcomo nunca antes visto / _cdibujos Jorge Pérez...[y otros ]; guión Leorian F. Ricardo Abreu |
| 246 | 1 | 3 | _aFantasía histórica |
| 260 |
_aSanto Domingo : _bMorostudio, _c2016. |
||
| 300 |
_a88, [8] p. : _bil ; _c27 cm. |
||
| 590 | _aInventariado, 2019 / DG | ||
| 600 | 1 | 4 |
_aDuarte, Juan Pablo _d1813-1876 _xTiras cómicas, historietas, etc _c |
| 648 | _a | ||
| 650 |
_aHistorietas, tiras cómicas, etc. _xHistoria y crítica. _zRepública Dominicana |
||
| 650 | 4 |
_aDibujos animados y cómics _zRepública Dominicana |
|
| 651 | 7 |
_aRepública Dominicana _xHistoria _xTiras cómicas, historietas, etc. _y |
|
| 700 | 1 |
_aPérez, Jorge E. _edibujos |
|
| 700 | 1 |
_aRicardo Abreu, Leorian F. _eguión |
|
| 710 | 2 | _aMinisterio de Cultura (República Dominicana) | |
| 710 | 2 | _aMoroestudio (República Dominicana) | |
| 910 | _aVMateo V. Control de calidad. BPMSU | ||
| 942 |
_2ddc _cBK |
||
| 999 |
_c14551 _d14551 |
||